[Event "Regionalliga SW 9596"]
[Site "Bayern"]
[Date "1996.??.??"]
[Round "?"]
[White "Rohrer, David"]
[Black "Schulz, Juergen2222"]
[Result "1-0"]
[WhiteElo "1850"]
[BlackElo "2120"]
[PlyCount "107"]
[EventDate "1995.10.??"]
[EventType "team-tourn"]
[EventRounds "9"]
[EventCountry "GER"]
[SourceTitle "EXT 1999"]
[Source "ChessBase"]
[SourceDate "1998.11.16"]
[SourceVersion "1"]
[SourceVersionDate "1998.11.16"]
[SourceQuality "1"]
[WhiteTeam "Garching"]
[BlackTeam "Muenchen FC Bayern II"]
[WhiteTeamCountry "GER"]
[BlackTeamCountry "GER"]

1. Nf3 d5 2. g3 g6 3. Bg2 Bg7 4. 0-0 e5 5. d3 Ne7 6. Nbd2 0-0 7. e4 c6 8. Re1 d4 9. Nc4 f6 10. a4 Be6 11. b3 c5 12. Nh4 Nbc6 13. f4 Qd7 14. Qe2 Rae8 15. Nf3 h6 16. Qf1 b6 17. Re2 exf4 18. gxf4 Bg4 19. Rf2 g5 20. h3 Bh5 21. Kh1 Kh8 22. Qg1 Ng6 23. Qh2 Qc7 24. f5 Qxh2+ 25. Kxh2 Nge5 26. Bd2 Bxf3 27. Bxf3 Rd8 28. Rg1 Rd7 29. Kg3 Rb8 30. h4 Kg8 31. Rh2 Bf8 32. hxg5 fxg5 33. Kf2 Kf7 34. Ke2 Nxc4 35. bxc4 Rd6 36. Be1 Re8 37. Bh5+ Ke7 38. Bxe8 Kxe8 39. Bg3 Rf6 40. Kf3 Bd6 41. Rgh1 Bf8 42. Kg4 Ne7 43. Be5 Rc6 44. Rb1 Ng8 45. Rhh1 Be7 46. Rb3 Kf7 47. c3 dxc3 48. Bxc3 Rd6 49. Ba1 Rc6 50. e5 h5+ 51. Kf3 h4 52. f6 Bd8 53. Rbb1 Re6 54. Rbg1 1-0

[Event "Regionalliga SW 9596"]
[Site "Bayern"]
[Date "1995.??.??"]
[Round "?"]
[White "Lux, Werner"]
[Black "Rohrer, David"]
[Result "0-1"]
[WhiteElo "1630"]
[BlackElo "1850"]
[PlyCount "61"]
[EventDate "1995.10.??"]
[EventType "team-tourn"]
[EventRounds "9"]
[EventCountry "GER"]
[SourceTitle "EXT 1999"]
[Source "ChessBase"]
[SourceDate "1998.11.16"]
[SourceVersion "1"]
[SourceVersionDate "1998.11.16"]
[SourceQuality "1"]
[WhiteTeam "Tuerkheim"]
[BlackTeam "Garching"]
[WhiteTeamCountry "GER"]
[BlackTeamCountry "GER"]

1. d4 Nf6 2. c4 g6 3. Nc3 Bg7 4. e4 d6 5. f3 0-0 6. Be3 e5 7. d5 c6 8. Qd2 cxd5 9. cxd5 Nbd7 10. Bd3 Nc5 11. Nge2 Nxd3+ 12. Qxd3 Nd7 13. g4 Nc5 14. Qd2 f5 15. gxf5 gxf5 16. 0-0-0 fxe4 17. fxe4 Qh4 18. Bg5 Qh3 19. Rhg1 Kh8 20. Be7 Bh6 21. Bg5 Bg7 22. Rg3 Qh5 23. Rdg1 Bh3 24. Be7 Bh6 25. Bg5 Bg7 26. Kc2 Rac8 27. Qe3 Bf1 28. Be7 Bh6 29. Bg5 Bxg5 30. Rxg5 Qxh2 31. Kd1 0-1